000
00465nam a2200157Ia 4500
008
151213s9999 xx 000 0 und d
100
_a
মধুসুদন
245
_a
রচনাবলী
_c
মধুসুদন
250
_a
১ম সং
260
_a
কলিকাতা
_b
দেবজ্যোতি দত্ত
_c
1965
300
_a
8331 p.
650
_a
Bangla
650
_a
রচনাবলী
700
_a
মধুসুদন
999
_c
4173
_d
4173